000
00354nam a2200157Ia 4500
005
20251020182610.0
008
200515s9999 xx 000 0 und d
082
_a
SC/624.012/I59
110
_a
Ininvi
245
0
_a
Sistema constructivo : Quincha prefabricada
260
_a
Lima
260
_c
199?
300
_a
66
650
_a
QUINCHA
942
_c
LIB
999
_c
3312
_d
3312